000 00340nam a2200157Ia 4500
003 0STCL
008 150530s9999 xx 000 0 und d
040 _aSTCL
_cSTCL
100 _aPeter Dixon
245 _aWorld of popes satires
260 _c1968
546 _aEnglish
942 _2ddc
_cBK
999 _c52221
_d52221
005 20220125170855.0